Служба передачи данных сокращает эксплуатационные расходы и увеличивает добычу; Нефтегазовые технологии; № 2

Bibliographic Details
Parent link:Нефтегазовые технологии: научно-технический журнал/ World Oil ; Pipe Line Industry ; Gulf Publishing Company.— , 1994-.— 0202-4578
№ 2.— 2003.— С. 30
Main Author: Пауерс Д. Джон
Other Authors: Моцохейн Б. (переводчик)
Language:Russian
Published: 2003
Series:Нефть мира
Subjects:
Format: Book Chapter
KOHA link:https://koha.lib.tpu.ru/cgi-bin/koha/opac-detail.pl?biblionumber=386285

MARC

LEADER 00000naa2a2200000 4500
001 386285
005 20231101063448.0
035 |a (RuTPU)RU\TPU\prd\14938 
090 |a 386285 
100 |a 20030609a2003 k y0rusy50 ca 
101 0 |a rus 
102 |a RU 
200 1 |a Служба передачи данных сокращает эксплуатационные расходы и увеличивает добычу  |f Д. Пауерс  |g Пер. Б. Моцохейн 
225 1 |a Нефть мира 
461 1 |0 (RuTPU)RU\TPU\prd\1175  |x 0202-4578  |t Нефтегазовые технологии  |o научно-технический журнал  |f World Oil ; Pipe Line Industry ; Gulf Publishing Company  |d 1994- 
463 1 |0 (RuTPU)RU\TPU\prd\14825  |t № 2  |v С. 30  |d 2003 
610 1 |a передача данных 
610 1 |a эксплутационные расходы 
610 1 |a добыча 
610 1 |a компресоры 
610 1 |a обслуживание 
610 1 |a отдача месторождений 
700 1 |a Пауерс  |b Д.  |g Джон 
702 1 |a Моцохейн  |b Б.  |4 730 
801 1 |a RU  |b 63413507  |c 20030609  |g PSBO 
801 2 |a RU  |b 63413507  |c 20120113  |g RCR 
942 |c BK